| 000 | 01162nab a2200229 i 4500 | ||
|---|---|---|---|
| 001 | DO-SdBNP | ||
| 005 | 20260218091029.0 | ||
| 007 | ta | ||
| 008 | 260218e1976 dr qn|p|r||||||0| | spa d | ||
| 040 |
_aDO-SdBNP _bspa _cBNPHU _erda |
||
| 041 | _hspa | ||
| 100 |
_960480 _aPozo, Manuel de Jesús |
||
| 245 |
_aHistoria del movimiento obrero dominicano 1900-1930 / _cManuel de Jesús Pozo. |
||
| 300 | _a páginas, 37-89. | ||
| 336 |
_atexto _btxt _2rdacontent |
||
| 337 |
_asin mediación _bn _2rdamedia |
||
| 338 |
_avolumen _bnc _2rdacarrier |
||
| 520 | _aA partir del 1900 se intensifican las inmigraciones de trabajadores a la República Dominicana. A partir de esto se crearán las bases para la aparición del enclave azucarero y el proceso de proletarización inicial quedará, por tiempo, frenado o limitado a los ingenios y a las contadas fábricas y talleres que pudieron sobrevivir. | ||
| 650 |
_960481 _aMovimiento Obrero _vPublicaciones periódicas _xHistoria, _y1900-1930. _zRepública Dominicana |
||
| 773 |
_gVol. 1, núm.2 (abr-jun, 1976), páginas, 37-89. _gNúm.2 (abr-jun, 1976), páginas, 37-89. _tRealidad contemporánea |
||
| 942 |
_2ddc _cISSUE |
||
| 999 |
_c60352 _d60352 |
||